L’année 2019 - Statistiques

Statistiques générales
  • Ce quiz a été pris 97 fois
  • Le résultat moyen est 11 sur 28
Statistiques - réponses
Hint Réponse % Correct
Durant quel mois a pris feu la cathédrale Notre-Dame de Paris ? Avril
94%
Quel ancien président français est mort en 2019 ? Jacques Chirac
90%
Combien de fois le Brexit a-t-il été repoussé ? 3 fois
85%
Comment s’appelle la musique de Luis Fonsi devenant la première vidéo a dépasser les 6 milliards de vues sur YouTube ? Despacito
79%
Quelle équipe a éliminé les footballeuses françaises lors du Mondial de foot ? États-unis
69%
Quel pays a envoyé une sonde spatiale se poser sur la face cachée de la Lune pour la première fois ? Chine
65%
Dans quel pays la Coupe de monde de rugby a-t-elle été organisée ? Japon
64%
Combien de jours Julian Alaphilippe a-t-il conservé le maillot jaune lors du Tour de France ? 14 jours
62%
Quelle île du Danemark, Donald Trump a-t-il voulu acheter ? Groenland
60%
Quel président algérien annonce sa démission le 2 avril 2019 ? Abdelaziz Bouteflika
48%
Dans quelle région du Royaume-uni, la police pensait-elle avoir arrêté Xavier Dupont de Ligonnès ? Écosse
48%
Quelle institution française s’est résolue à accepter la féminisation des noms de métiers ? Académie française
42%
Dans quelle ville a eu lieu l'incendie de l'usine chimique Lubrizol ? Rouen
42%
Qu’à t’on photographié dans l’espace pour la première fois en 2019 ? Trou noir
40%
Comment s’appelle la nouvelle présidente de la Commission européenne élue en décembre 2019 ? Ursula von der Leyen
33%
Quelle ville française a accueilli le sommet du G7 en août 2019 ? Biarritz
30%
Dans quelle forêt, des feux de forêts se sont déclenchés de janvier à octobre 2019 ? forêt amazonienne
24%
Dans quelle ville de Nouvelle-Zélande a eu lieu un attentat contre 2 mosquées retranscrit sur un live Facebook ? Christchurch
22%
Qui est devenue la plus jeune milliardaire de l’histoire, détronant ainsi Mark Zuckerberg ? Kylie Jenner
21%
En mai 2019, quel pays devient le premier d’Asie à légaliser le mariage homosexuel ? Taïwan
17%
Quel ministre de l’écologie a démissionné suite à une photo prise avec un homard ? François de Rugy
16%
Comment s’appelle Miss 2020 ? Clémence Botino
15%
Quelle célèbre entreprise de voyage a fait faillite en septembre 2019 ? Thomas Cook
13%
Quel pays a adopté une nouvelle Constitution reconnaissant notamment la propriété privée et les investissements étrangers ? Cuba
8%
Quel numéro a promu Marlène Schiappa pour les victimes de violences faites aux femmes ? 3919
6%
Quel est le titre du nouvel album de Céline Dion, sorti le 15 novembre 2019 ? Courage
3%
Qui a remporté le prix Goncourt ? Jean-Paul Dubois
2%
Quel film a été récompensé par le César du public ? Les Tuches 3
2%
Aucun quiz correspondant
Distribution des résultats
% des personnes avec chaque résultat
Percentile par nombre de réponses
Votre historique - résultats
Vous n’avez pas pris ce quiz